Tìm hiểu thân thế, sự nghiệp và tư tưởng Hồ Chí Minh

Na minha lista:
Detalhes bibliográficos
Autor principal: Hoàng, Trang
Formato: Livro
Idioma:Undetermined
Publicado em: Hà Nội Chính trị Quốc gia 2000
Assuntos:
Tags: Adicionar Tag
Sem tags, seja o primeiro a adicionar uma tag!
Thư viện lưu trữ: Trung tâm Học liệu Trường Đại học Cần Thơ
LEADER 00642nam a2200193Ia 4500
001 CTU_40669
008 210402s9999 xx 000 0 und d
020 |b 26.500đ 
082 |a 324.2075092 
082 |b Tr106 
100 |a Hoàng, Trang 
245 0 |a Tìm hiểu thân thế, sự nghiệp và tư tưởng Hồ Chí Minh 
245 0 |c Hoàng Trang, Nguyễn Khánh Bật 
260 |a Hà Nội 
260 |b Chính trị Quốc gia 
260 |c 2000 
650 |a communists - vietnam,ho chi minh,vietnam - history 
904 |i Minh, 010324 
980 |a Trung tâm Học liệu Trường Đại học Cần Thơ